Η πολυλειτουργικότητα των νοικοκυριών στις αγροτικές περιοχές : η περίπτωση του δήμου Χαιρώνειας : πτυχιακή εργασία

Αποθηκεύτηκε σε:
Λεπτομέρειες βιβλιογραφικής εγγραφής
Κύριος συγγραφέας: Καρατσώλης, Ευάγγελος
Συγγραφή απο Οργανισμό/Αρχή: Πανεπιστήμιο Αιγαίου. Σχολή Κοινωνικών Επιστημών. Τμήμα Γεωγραφίας
Άλλοι συγγραφείς: Κίζος, Αθανάσιος (Εισηγητής διατριβής)
Μορφή: Thesis Βιβλίο
Γλώσσα:Greek
Δημοσίευση: Μυτιλήνη : Πανεπιστήμιο Αιγαίου, Τμήμα Γεωγραφίας, 2006
Θέματα:
Ετικέτες: Προσθήκη ετικέτας
Δεν υπάρχουν, Καταχωρήστε ετικέτα πρώτοι!

MARC

LEADER 00000cam a2200000 i 4500
001 1/39554
008 061219s2006 gre d
035 |l 10086617 
040 |a GR-MY-UA  |b gre  |e aacr 
041 0 |a gre 
082 0 |a 338.1  |2 (22) 
100 1 |a Καρατσώλης, Ευάγγελος. 
245 1 2 |a Η πολυλειτουργικότητα των νοικοκυριών στις αγροτικές περιοχές :  |b η περίπτωση του δήμου Χαιρώνειας : πτυχιακή εργασία /  |c Καρατσώλης Ευάγγελος ; επιβλέπων καθηγητής: Κίζος Αθανάσιος 
260 |a Μυτιλήνη :   |b Πανεπιστήμιο Αιγαίου, Τμήμα Γεωγραφίας,   |c 2006 
300 |a 36 σ.;  |b πιν.;  |c 30 εκ. 
502 |a Πτυχιακή εργασία – Πανεπιστήμιο Αιγαίου, Λέσβος, 2006. 
504 |a Βιβλιογραφία: σ. 34-36 
650 0 0 |a Agricultural surveys. 
650 0 |a Farmers  |z Greece  |z Voiotia. 
650 0 |a Farmers  |x Supplementary employment  |z Greece  |z Voiotia. 
650 0 |a Agriculture  |x Economic aspects  |z Greece  |z Voiotia. 
650 0 0 |a Dissertations, Academic  |z Greece. 
700 1 |4 ths  |a Κίζος, Αθανάσιος. 
710 2 |a Πανεπιστήμιο Αιγαίου.   |b Σχολή Κοινωνικών Επιστημών.   |b Τμήμα Γεωγραφίας. 
852 |a INST  |b LESVOS  |c DIATR  |e 20061219  |h 391  |p 005100037160  |q 005100037160  |t DIE  |y 23 
852 |a INST  |b LESVOS  |c DIATR  |e 20061219  |h 392  |p 005100036760  |q 005100036760  |t DIE  |y 23 
901 |a BIBL1-2006-3 
909 |a Λ  |b 129975 
909 |a Λ  |b 129976 
924 |a ΚΑΡΑΤΣΩΛΗΣ  |b ΕΥΑΓΓΕΛΟΣ  |y ΛΕΣΒΟΣ  |z 2006-11 
970 |a ΧΑΤΖΗΜΙΧΑΗΛ  |b ΜΑΡΙΑ  |z 2006/12/19